| 000 | 01318pab a2200157 454500 | ||
|---|---|---|---|
| 008 | 180718b2003 xxu||||| |||| 00| 0 eng d | ||
| 100 | _aHall, Ronald E. | ||
| 245 | _aThe hegemony of Eurocentrism in social work practice: from race to culture as ecological perspective vis-a-vis Southeast Asian | ||
| 260 | _c2003 | ||
| 300 | _ap.418-31. | ||
| 362 | _aJul | ||
| 520 | _aEmergence of Southeast Asian populations in Western societies corresponds to Eurocentrism in social work practice. As per practice, race is assumed the universal, governing category of the social work clientele. It is on the basis of this hegemonic conceptual view that the construct of race is challenged by the emergence of alternative human population phenomena. For those who will engage in practice specific to the Southeast Asian populations, race must be reduced in proportion to its significance in their lives. The utilisation of non-racial constructs includes the need for practitioners to acknowledge the ecological perspective and other culture specific belief systems. The outcome will contribute to the evolution of human well-being despite the prevalence of race constructs as hegemony vis-a-vis Southeast Asian populations. - Reproduced. | ||
| 650 | _aSocial work | ||
| 773 | _aIndian Journal of Social Work | ||
| 909 | _a60718 | ||
| 999 |
_c60718 _d60718 |
||